000 00238 a2200097 4500
001 41923
100 _aMcGraw-Hill
245 _aEncyclopedia of Science & Technology (Vol-XV)
260 _aNew York
_bMcGraw-Hill
_c
090 _c25987
_d25987
942 _aNUST-CAE
_cM
_c17765
999 _c276996
_d276996